000 00282nam a22001217a 4500
008 180427b xxu||||| |||| 00| 0 eng d
041 _aeng
080 _a043.3
100 _a0
101 _aMBE-BA
245 _aProblemi Ekonomik i Papunsise ne Kosove
_cJakupi, D
942 _2udc
_cBK
999 _c45629
_d45629